Understanding Symbolic Logic /

保存先:
書誌詳細
第一著者: Klenk, Virginia (autor)
フォーマット: 図書
言語:英語
出版事項: Upper Saddle River, EUA : Prentice-Hall, 2002, c2002
版:4a edición
主題:
タグ: タグ追加
タグなし, このレコードへの初めてのタグを付けませんか!

MARC

LEADER 00000nam^a2200000^a^4500
001 000152956
005 20250521000000.0
009 20260310100302.162
020 |a 0-13-02-0142-1 
037 |a Acervo ITESO - Biblioteca 
041 |a ING 
082 |a 511. 3  |b KLE 
100 |a Klenk, Virginia  |e (autor) 
245 1 0 |a Understanding Symbolic Logic /  |c V. Klenk. 
250 |a 4a edición 
264 4 |a Upper Saddle River, EUA :  |b Prentice-Hall,  |c 2002, c2002 
300 |a XV, 447 p. 
336 |a texto  |b txt  |2 rdacontenido 
337 |a sin mediación  |b n  |2 rdamedio 
338 |a volumen  |b nc  |2 rdasoporte 
649 |a XX 
650 |a Lógica Matemática 
650 |a Cálculo de Predicados 
650 |a Procesos Lógicos 
650 |a Expresiones Lógicas 
650 |a Teoría Lógica 
650 |a Matemáticas 
910 |a Fondo General 
920 |a Impresos - Libros 
930 |a Colección General 
905 |a 101 
901 |a 0500081627  |b IT1  |c ACC  |u 20250521 
902 |a https://opac.biblio.iteso.mx/vufind/Record/000152956